000 01050nam a22002777a 4500
005 20240530110502.0
008 150801s2013 jo g 000 0 ara d
017 _a2012/11/4357
_bالاردن . دائرة المكتبات الوطنية
020 _a9789957544850
040 _aEG-CaGPL
082 0 4 _221
_a320.1\
_bغ م
100 0 _aغسان مدحت الخيرى .
245 1 2 _aالمفاهيم و النظريات فى الفكر السياسى /
_cغسان مدحت الخيرى .
250 _aط1.
260 _aعمان :
_bدار الراية للنشر و التوزيع ،
_c2013 .
300 _a374 ؛
_c24 سم .
650 0 4 _aالقانون و السياسة .
650 0 4 _aالسلطات .
650 0 4 _aالسلطات الثلاث .
650 0 4 _aالعقد الاجتماعى
_xروسو
650 0 4 _aالعقد الاجتماعى
_xجون لوك .
650 0 4 _aالعقد الاجتماعى
_xهويز
650 0 4 _aالاشتراكية .
942 _2ddc
_cBK
999 _c61491
_d61491